Photos La cuisine du Nord-Pas-de-Calais - Statistiques

Statistiques générales
  • Ce quiz a été pris 241 fois
    108 depuis la dernière actualisation
  • Le résultat moyen est 26 sur 45
Statistiques - réponses
Question Tuile Select % Correct
Pour faire une carbonade flamande, il vous faudra... Non
94%
Pour faire une carbonade flamande, il vous faudra... Non
90%
Pour faire une carbonade flamande, il vous faudra... Oui
90%
Pour faire une carbonade flamande, il vous faudra... Oui
88%
Et si vous voulez manger des chicons à la flamande ? Oui
83%
Pour faire une carbonade flamande, il vous faudra... Oui
82%
Et si vous voulez manger des chicons à la flamande ? Non
82%
Pour faire une flamiche au maroilles, outre ce fromage, il vous faudra... Oui
81%
Pour faire une carbonade flamande, il vous faudra... Non
77%
Pour faire une flamiche au maroilles, outre ce fromage, il vous faudra... Oui
77%
Et enfin pour faire un welsh ? Oui
77%
Et pour le potjevleesch ? Non
76%
Pour faire une flamiche au maroilles, outre ce fromage, il vous faudra... Non
73%
Et pour le potjevleesch ? Non
73%
Et enfin pour faire un welsh ? Oui
71%
Et enfin pour faire un welsh ? Non
71%
Pour faire une carbonade flamande, il vous faudra... Oui
70%
Pour faire une flamiche au maroilles, outre ce fromage, il vous faudra... Oui
69%
Et enfin pour faire un welsh ? Non
67%
Et pour le potjevleesch ? Oui
66%
Pour faire une carbonade flamande, il vous faudra... Oui
65%
Pour faire une flamiche au maroilles, outre ce fromage, il vous faudra... Oui
64%
Et enfin pour faire un welsh ? Oui
64%
Et enfin pour faire un welsh ? Non
64%
Pour faire une flamiche au maroilles, outre ce fromage, il vous faudra... Oui
61%
Et si vous voulez manger des chicons à la flamande ? Non
61%
Et si vous voulez manger des chicons à la flamande ? Non
57%
Et si vous voulez manger des chicons à la flamande ? Oui
48%
Et enfin pour faire un welsh ? Non
46%
Et enfin pour faire un welsh ? Oui
46%
Pour faire une flamiche au maroilles, outre ce fromage, il vous faudra... Oui
45%
Et pour le potjevleesch ? Oui
45%
Et pour le potjevleesch ? Oui
45%
Et pour le potjevleesch ? Non
43%
Et pour le potjevleesch ? Non
43%
Et si vous voulez manger des chicons à la flamande ? Oui
41%
Et pour le potjevleesch ? Oui
39%
Et si vous voulez manger des chicons à la flamande ? Non
31%
Et enfin pour faire un welsh ? Oui
30%
Et si vous voulez manger des chicons à la flamande ? Oui
27%
Pour faire une flamiche au maroilles, outre ce fromage, il vous faudra... Oui
25%
Et si vous voulez manger des chicons à la flamande ? Oui
22%
Et pour le potjevleesch ? Oui
10%
Pour faire une carbonade flamande, il vous faudra... Oui
8%
Pour faire une flamiche au maroilles, outre ce fromage, il vous faudra... Oui
7%
Aucun quiz correspondant
Distribution des résultats
% des personnes avec chaque résultat
Percentile par nombre de réponses
Votre historique - résultats
Vous n’avez pas pris ce quiz depuis la dernière actualisation